000 00579nam a2200229Ia 4500
003 OSt
005 20220918191831.0
006 a|||||r|||| 00| 0
007 ta
008 220917b |||||||| |||| 00| 0 eng d
024 _a65,335
037 _cTextual
040 _aARTS
_cARTS
_beng
041 _2eng
_aeng
082 _aQ8442, J1
100 _aBasham A L
245 0 _aHistory and doctrines of the Ajivikas
_b avanished Indian religion
260 _c1951
650 _aRELIGION
942 _hQ8442, J1
_cTEXL
_2CC
999 _c191584
_d191584